Distribution par images - Turf - Statistiques

Statistiques générales
  • Ce quiz a été pris 17 fois
  • Le résultat moyen est 6 sur 9
Statistiques - réponses
Par images Hint Réponse % Correct
Nikos Fivos Alain Chabat
100%
Freddy Edouard Baer
94%
Paul Gérard Depardieu
94%
Jean-Bruno Jérôme Commandeur
88%
Sonneville Alex Lutz
69%
Christine Helena Noguerra
63%
Garcia Marthe Villalonga
50%
Fortuné Lucien Jean-Baptiste
25%
Fifi Philippe Duquesne
25%
Aucun quiz correspondant
Distribution des résultats
% des personnes avec chaque résultat
Percentile par nombre de réponses
Votre historique - résultats
Vous n’avez pas pris ce quiz